Jimmy the terrorist / (Record no. 94165)

MARC details
000 -LEADER
fixed length control field 00487nam a22001817a 4500
005 - DATE AND TIME OF LATEST TRANSACTION
control field 20150713112456.0
010 ## - LCCN (DPL NO)
LC control number ENG-113242
020 ## - INTERNATIONAL STANDARD BOOK NUMBER
Terms of availability 250.00
International Standard Book Number 9789385288043
035 ## - SYSTEM CONTROL NUMBER
System control number EN-96774
037 ## - SOURCE OF ACQUISITION
Source of stock number/acquisition DBAD/PUB
082 ## - DEWEY DECIMAL CLASSIFICATION NUMBER
Classification number N
100 ## - MAIN ENTRY--PERSONAL NAME
Personal name Omair Ahmad
245 ## - TITLE STATEMENT
Title Jimmy the terrorist /
Statement of responsibility, etc by Omair Ahmad
260 ## - PUBLICATION, DISTRIBUTION, ETC. (IMPRINT)
Place of publication, distribution, etc New Delhi
Name of publisher, distributor, etc Speaking Tiger
Date of publication, distribution, etc 2015
270 ## - ADDRESS
Address 4381/4, Ansari Road, Daryagang,
City New Delhi
Postal code 110002
300 ## - PHYSICAL DESCRIPTION
Extent 200p.
Dimensions 21cm(pbk)
942 ## - ADDED ENTRY ELEMENTS (KOHA)
Source of classification or shelving scheme Dewey Decimal Classification
Item type English Books
Call number suffix OMA
Classification part N
Holdings
Withdrawn status Lost status Not for loan Collection code Home library Current library Date acquired Source of acquisition Cost, normal purchase price Full call number Barcode Copy number Cost, replacement price Koha item type
    Not For Loan Fiction D.B.Act.Division D.B.Act.Division 10/06/2015 DBAD/PUB 250.00 N OMA EN-96774 1 250.00 English Books

© Delhi Public Library
Hit Counter
free hit counter